书目信息 |
| 题名: |
中国植物志
|
|
| 作者: | ;中国科学院中国植物志编辑委员会 编 | |
| 分册: | 第四十三卷 被子植物门 双子叶植物纲 苦木科 橄榄科 楝科 金虎尾科 远志科 毒鼠子科 | |
| 出版信息: | 北京 科学出版社 1997 |
|
| 页数: | 239页 | |
| 开本: | 26cm | |
| 丛书名: | ||
| 单 册: | ||
| 中图分类: | Q948.52 , Q948.2 | |
| 科图分类: | ||
| 主题词: | 植物志--中国 , 芸香科--植物志--中国 , 植物生态学 , 植物地理学 | |
| 电子资源: | ||
| ISBN: | 7-03-005486-5 | |
| 000 | 01172nam0 2200301 45 | |
| 001 | 0197024575 | |
| 005 | 20040923113107.7 | |
| 010 | @a7-03-005486-5@b精装@dCNY41 | |
| 100 | @a19970814d1997 kemy0chiy0121 ea | |
| 101 | 0 | @achi@elat |
| 102 | @aCN@b110000 | |
| 105 | @ay z 001yy | |
| 106 | @ar | |
| 200 | 10 | @a中国植物志@Azhong guo zhi wu zhi@h第四十三卷@h第三分册@i被子植物门 双子叶植物纲 苦木科 橄榄科 楝科 金虎尾科 远志科 毒鼠子科@f中国科学院中国植物志编辑委员会编 |
| 210 | @a北京@c科学出版社@d1997 | |
| 215 | @a239页@d26cm | |
| 300 | @a国家自然科学基金资助项目 | |
| 510 | 1 | @aFlora reipublicae popularis sinicae@zlat |
| 517 | @a被子植物门 双子叶植物纲 苦木科 橄榄科 楝科 金虎尾科 远志科 毒鼠子科@ABei Zi Zhi Wu Men Shuang Zi Ye Zhi Wu Gang Ku Mu Ke Gan Lan Ke Lian Ke JinHu Wei Ke Yuan Zhi Ke Du Shu Zi Ke | |
| 606 | @a植物志@y中国 | |
| 606 | @a芸香科@x植物志@y中国 | |
| 606 | 0 | @a植物生态学 |
| 606 | 0 | @a植物地理学 |
| 690 | @aQ948.52@v3 | |
| 690 | @aQ948.2@v3 | |
| 711 | 02 | @a中国科学院中国植物志编辑委员会@Azhong guo ke xue yuan zhong guo zhi wuzhi bian ji wei yuan hui@4编 |
| 801 | 0 | @aCN@bNLC@c19970904 |
| 905 | @dQ948.2@e8:43(3)@f1@b280040 | |
| 中国植物志.第四十三卷.第三分册.被子植物门 双子叶植物纲 苦木科 橄榄科 楝科 金虎尾科 远志科 毒鼠子科/中国科学院中国植物志编辑委员会编.-北京:科学出版社,1997 |
| 239页;26cm |
| 国家自然科学基金资助项目 |
| ISBN 7-03-005486-5(精装):CNY41 |
| ● |
| 相关链接 |
|
|
|
|
正题名:中国植物志
索取号:Q948.2/8:43(3)
 
预约/预借
| 序号 | 登录号 | 条形码 | 馆藏地/架位号 | 状态 | 备注 |
| 1 | 0280040 | 002800400 | 工具书阅览室/ [索取号:Q948.2/8:43(3)] | 在馆 | |
| 2 | 0280041 | 002800419 | 第二样本阅览室/ [索取号:Q948.2/8:43(3)] | 在馆 |